Statistics for Top 20 Least Corrupt Countries

Click here to take the quiz!

General Stats

  • This quiz has been taken 712 times
  • The average score is 16 of 20

Answer Stats

RankCorruption IndexCountry% Correct
487Sweden
96%
389Finland
95%
586Norway
95%
1774United States
95%
1081Canada
94%
192Denmark
94%
1478United Kingdom
93%
1279Germany
91%
1180Australia
90%
1279Iceland
89%
883Netherlands
88%
291New Zealand
88%
586Switzerland
88%
1576Belgium
86%
1576Japan
86%
1774Ireland
81%
982Luxembourg
78%
784Singapore
71%
1774Hong Kong (China)
35%
1774Barbados
9%

Score Distribution

Percentile by Number Answered

Percent of People with Each Score

Your Score History

You have not taken this quiz